K novému zákonu o účtovníctve

NR SR schválila nový zákon č. 431/2002 Z.z. o účtovníctve, ktorý nadobudne účinnosť od 1. januára 2003. Základná filozofia zákona o účtovníctve. Definície nových pojmov. Porovnateľnosť nového zákona s právom ES.

Guardado en:
Detalles Bibliográficos
Autor principal: Andrášiková, Dagmar
Formato: Capítulo de libro
Lenguaje:eslovaco
Materias:
Etiquetas: Agregar Etiqueta
Sin Etiquetas, Sea el primero en etiquetar este registro!

MARC

LEADER 00000naa a2200000 4500
001 r047324
005 20230919120948.1
041 0 |a slo 
044 |a SK 
245 1 0 |a K novému zákonu o účtovníctve  |c Dagmar Andrášiková 
520 |a NR SR schválila nový zákon č. 431/2002 Z.z. o účtovníctve, ktorý nadobudne účinnosť od 1. januára 2003. Základná filozofia zákona o účtovníctve. Definície nových pojmov. Porovnateľnosť nového zákona s právom ES. 
610 2 0 |a účtovníctvo 
610 2 0 |a zákony 
610 2 0 |a aproximácia práva 
610 2 0 |a audit 
610 2 0 |a závierka účtovná 
610 2 0 |a knihy účtovné 
610 2 0 |a jednotka účtovná 
610 2 0 |a pojmy 
100 1 |a Andrášiková, Dagmar